Pisma zebrane

Titel: Pisma zebrane / Stefan Żeromski
Teil: 4
Ser. 1. Nowele, opowiadania i inne utwory epickie
Sen o szpadzie pomyłki i inne utwory epickie
Verfasser:
Veröffentlicht: Warszawa : Czytelnik, 1990
Umfang: 444 S.
Format: Buch
Sprache: Deutsch
Schriftenreihe/
mehrbändiges Werk:
Pisma zebrane / Stefan Żeromski ; 4 : Ser. 1, Nowele, opowiadania i inne utwory epickie
alle Bände anzeigen
ISBN: 8307014956
Buchumschlag
X
Lokale Klassifikation: 32 10 F
alg: 1732344
001A    $00030:14-08-91 
001B    $01999:28-04-23 $t19:35:11.000 
001C    $00026:29-12-16 $t14:58:32.000 
001D    $00000:00-00-00 
001U    $0utf8 
001X    $00 
002@    $0Afuc 
003@    $0017323444 
003O    $0613069671 $aOCoLC 
004A    $083-07-01495-6 
007A    $0017323444 $aHEB 
010@    $ager 
011@    $a1990 $n1990 
015@    $00 
021A    $a@Sen o szpadzie pomyłki i inne utwory epickie 
028A    $#Żeromski, Stefan $#Zych, Maurycy $#Katerla, Józef $#Żeromski-Zych, ... $#Žeromskij, Stefan $#Zheromskiĭ, Stefan $#Žeromśkij, Stefan $#Žeromski, Stefan $#Zeromski, Stefan $#Je-lo-mu-ssu-chi $#Ż., Stefan $#Jeromsky, Stéphane $#Zsheromski, Stefan $#Zsheromsḳi, Sṭefan $#Si te fan · Re luo mu si qi $#斯特凡·热罗姆斯基 $#斯特凡·熱羅姆斯基 $#זשעראמסקי, סטעפאן $#Re luo mu si qi $#热罗姆斯基 $#熱羅姆斯基 $#Shen lang si qi $#什朗斯奇 $#什朗斯奇 $7118808419 $8Żeromski, Stefan$Z1864-1925 [Tp1] $9087148994 
033A    $pWarszawa $nCzytelnik 
034D    $a444 S. 
036C    $aPisma zebrane $x14 $hStefan Żeromski $l4 
036C/01 $a@Nowele, opowiadania i inne utwory epickie $mSer. 1 
036D    $x14 $8Pisma zebrane / Stefan Żeromski $9009489657 
045F    $a800 $eDDC23BSB 
045F/01 $a800 
045F/03 $g438 

lok: 1732344 3
101B    $007-07-04 $t15:26:46.000 
145S/01 $a036 
145Z/01 $a246 M 0059 a Zeromski, S. 
101U    $0utf8 

exp: 1732344 3 1 #EPN
201B/01 $027-01-02 $t07:40:04.218 
203@/01 $0025680862 
208@/01 $a12-09-91 $bhAa 
209A/01 $a82.273.01 Bd. 1,4 $du $f000 $h82 273 01 / B 1 4 $x00 
209G/01 $a63808091 $x00 
247C/01 $8601000-3 <30>Frankfurt, Universitätsbibliothek J. C. Senckenberg, Zentralbibliothek (ZB) $9102598258 
201U/01 $0utf8 

lok: 1732344 24
101B    $027-04-06 $t11:49:12.000 
145Z/01 $a32 10 F 
101U    $0utf8 

exp: 1732344 24 1 #EPN
201B/01 $027-04-06 $t11:49:12.000 
203@/01 $0086209787 
208@/01 $a21-01-92 $bh 
209A/01 $a32 X F 1495 : 4 $du $f050 $h32 10 F 1495 / B 4 $x00 
209C/01 $aK 91.3493 $h91 3493 K 
209G/01 $a71369625 $x00 
247C/01 $8358050-7 Marburg, Bibliothek des Herder-Instituts Marburg $9102600961 
201U/01 $0utf8 

lok: 1732344 66

exp: 1732344 66 1 #EPN
201B/01 $018-01-10 $t15:22:25.000 
201U/01 $0utf8 
203@/01 $058728188X 
208@/01 $a03-12-09 $br 
209A/01 $aD 2 Żer/Pis-4 $du $f000 $x00 
209C/01 $a92/f901GV 
247C/01 $8618123-5 Darmstadt, Bibliothek des Deutschen Polen-Instituts $9102600902
LEADER 00000cam a2200000 cc4500
001 017323444
003 DE-603
005 20230428193511.0
007 tu
008 910814s1990 xx |||| | u00||u|ger c
020 |a 8307014956 
035 |a (DE-599)HEB017323444 
035 |a (OCoLC)613069671 
040 |a DE-603  |b ger  |c DE-603  |d DE-603 
041 |a ger 
082 0 4 |8 1\u  |a 800  |q DE-101  |2 23/BSB 
085 |8 1\u  |b 800 
085 |8 1\u  |z 2  |s 438 
100 1 |a Żeromski, Stefan  |d 1864-1925  |0 (DE-603)087148994  |0 (DE-588)118808419  |2 gnd 
245 0 0 |a Pisma zebrane  |n 4  |n Ser. 1  |p Nowele, opowiadania i inne utwory epickie  |p Sen o szpadzie pomyłki i inne utwory epickie  |c Stefan Żeromski 
264 1 |a Warszawa  |b Czytelnik  |c 1990 
300 |a 444 S. 
773 0 8 |q 14  |w (DE-603)009489657 
924 0 |9 30  |a (DE-603)025680862  |b DE-30  |c HES  |d c  |g 82.273.01 Bd. 1,4 
924 0 |9 Mb 50  |a (DE-603)086209787  |b DE-Mb50  |c HES  |d c  |g 32 X F 1495 : 4 
924 0 |9 Ds 123  |a (DE-603)58728188X  |b DE-Ds123  |c HES  |d d  |g D 2 Żer/Pis-4